Cd̤igo de Registro Civil despuš de 2011 Ley de Registro Civil de 1957 y su reglamento de 1958 Ley de Registro Civil de 2011 comentarios, concordancias y formularios futura desjudicializacin̤ del Registro Civil /

Detalles Bibliográficos
Autor principal: Martn̕ez Atienza, Gorgonio
Formato: eBook
Lenguaje:español
Publicado: Barcelona : Editorial vLex, 2012
Materias:
Acceso en línea:Acceso restringido

MARC

LEADER 00000nam a22000007a 4500
005 20141107130434.0
007 cr|||| ||||
008 141107s2012 sp |||||s|||| 00||0 spa d
035 |a 6940 
040 |a vLex 
090 |c 5282  |d 5282 
100 1 |a Martn̕ez Atienza, Gorgonio 
245 1 0 |a Cd̤igo de Registro Civil despuš de 2011  |h [Recurso electrn̤ico] :  |b Ley de Registro Civil de 1957 y su reglamento de 1958 Ley de Registro Civil de 2011 comentarios, concordancias y formularios futura desjudicializacin̤ del Registro Civil /  |c Gorgonio Martn̕ez Atienza, Inmaculada Bolufer Nieto 
256 |a Servicio en ln̕ea 
260 |a Barcelona :  |b Editorial vLex,  |c 2012 
300 |a 1 recurso electrn̤ico 
506 1 |a Contenido disponible en los productos indicados  |d vLex Global  |d vLex Global (Academic Edition, excluding Law Schools)  |d vLex Global (U.S. Academic Edition, Law Schools)  |d vLex Global (U.S. Academic Edition, excluding Law Schools)  |d vLex Global (Academic Edition, Law Schools) 
650 0 4 |a Registro civil  |z Espaą 
740 0 |a vLex Libros (Servicio en ln̕ea) 
856 4 0 |u http://vlex.com/source/codigo-registro-civil-despues-2011-6940  |z Acceso restringido 
942 |c BOOK 
999 0 |a Registers of births, etc.